| 000 | 01170nam a22003257a 4500 | ||
|---|---|---|---|
| 003 | EG-ScBUE | ||
| 005 | 20220519142308.0 | ||
| 008 | 101014r20101999enka f 000 0 eng d | ||
| 020 | _a0521648491 | ||
| 020 | _a9780521648493 | ||
| 040 |
_aEG-ScBUE _beng _erda _cEG-ScBUE _dEG-ScBUE |
||
| 082 |
_a428.24 _bCRO _222 |
||
| 100 | 1 |
_920372 _aCrowther-Alwyn, John, _eauthor. |
|
| 245 | 1 | 0 |
_aBusiness roles 2 / _cJohn Crowther-Alwyn. |
| 250 | _aFifth printing. | ||
| 264 | 1 |
_aCambridge : _bCambridge University Press, _c2010. |
|
| 300 |
_aiv, 100 pages : _billustrations, maps ; _c30 cm. |
||
| 336 |
_2rdacontent _atext _btxt |
||
| 337 |
_2rdamedia _aunmediated _bn |
||
| 338 |
_2rdacarrier _avolume _bnc |
||
| 490 | 0 | _aCambridge Copy Collection | |
| 500 | _a"12 more simulations for business English" - cover. | ||
| 650 | 7 |
_913993 _aEnglish language _vTextbooks for foreign speakers. _2BUEsh |
|
| 650 | 7 |
_914521 _aEnglish language _xBusiness English _vProblems, exercises, etc. _2BUEsh |
|
| 650 | 7 |
_910347 _aEnglish language _xSpoken English _vProblems, exercises, etc. _2BUEsh |
|
| 651 | _2BUEsh | ||
| 653 | _bHHUUEENN | ||
| 655 |
_vReading book _934232 |
||
| 942 |
_2ddc _cBB |
||
| 999 |
_c14769 _d14769 |
||